<?xml version="1.0" encoding="UTF-8"?>
<record
    xmlns:xsi="http://www.w3.org/2001/XMLSchema-instance"
    xsi:schemaLocation="http://www.loc.gov/MARC21/slim http://www.loc.gov/standards/marcxml/schema/MARC21slim.xsd"
    xmlns="http://www.loc.gov/MARC21/slim">

  <leader>00488nam a2200097Ia 4500</leader>
  <controlfield tag="008">170517s9999    xx            000 0 und d</controlfield>
  <datafield tag="245" ind1=" " ind2=" ">
    <subfield code="a">Birth in Nepal</subfield>
  </datafield>
  <datafield tag="300" ind1=" " ind2=" ">
    <subfield code="a">Nepal has some of the worst maternal death statistics in the world, with some six women dying in childbirth every day. Despite the political instability of the past ten years of civil war, the Nepalese government is introducing measures...</subfield>
  </datafield>
  <datafield tag="650" ind1=" " ind2=" ">
    <subfield code="x">Technology.</subfield>
  </datafield>
  <datafield tag="856" ind1=" " ind2=" ">
    <subfield code="u">http://topdocumentaryfilms.com/birth-in-nepal/</subfield>
  </datafield>
  <datafield tag="999" ind1=" " ind2=" ">
    <subfield code="c">335015</subfield>
    <subfield code="d">335015</subfield>
  </datafield>
  <datafield tag="952" ind1=" " ind2=" ">
    <subfield code="0">0</subfield>
    <subfield code="1">0</subfield>
    <subfield code="4">0</subfield>
    <subfield code="a">CL</subfield>
    <subfield code="b">CL</subfield>
    <subfield code="d">2017-05-17</subfield>
    <subfield code="l">0</subfield>
    <subfield code="r">2017-05-17 00:00:00</subfield>
    <subfield code="w">2017-05-17</subfield>
    <subfield code="y">DF</subfield>
  </datafield>
</record>
